000 01059nam0a22002891 4500
001 rc\2179389
005 20250623055029.0
035 _a(NLR Aleph) 006607991
090 _a7318647
_c7318647
100 _a20110829d1978 |||y0rusy50 ca
101 0 _arus
102 _aRU
105 _ay z |||||
200 1 _aИнформационное и программное обеспечение систем ситуационного управления
_e[Сб. статей
_fОтв. ред. к. т. н. Л.С. Загадская]
210 _aКиев
_cИК АН УССР
_d1978
215 _a48 с.
_d20
225 1 _aПрепринт
_fАН УССР, Ин-т кибернетики
_v78-14
320 _aБиблиогр. в конце статей
702 1 _aЗагадская
_bЛ.С.
_4340
712 0 2 _aИнститут кибернетики
_cКиев
801 0 _aRU
_bNLR
_gpsbo
801 1 _aRU
_bELAR
_2rusmarc
852 _aNLR
_j78-4/26969
899 _aRuMoRGB
_jБр 169/219
899 _aRuMoRGB
_jФ 1-79/12307
942 _cBOOK
980 _aNB